| 000 | 01357nam a22002177a 4500 | ||
|---|---|---|---|
| 999 |
_c60382 _d60382 |
||
| 003 | Ge_BSU | ||
| 005 | 20230707144412.0 | ||
| 008 | 230707s1988ge xxu||||| |||| 00| 0 geo d | ||
| 020 | _a9992856505 | ||
| 041 | _ageo | ||
| 080 | _a930(37)(092) ბ-51 | ||
| 245 |
_aბერძენი და რომაელი ისტორიკოსები / _c[რედ. გ. ქავთარია]. |
||
| 264 |
_aთბილისი: _bთბილ. უნ-ტის გამ-ბა, _c 1998. |
||
| 300 |
_a283 გვ. ; _b 20 სმ. |
||
| 500 | _aწიგნში ქრონოლოგიური თანამიმდევრობით განხილულია ყველა თვალსაჩინო ბერძენი და რომაელი ისტორიკოსი. მოთხრობილია იმ როლზე, რომელიც მათ შეასრულეს ანტიკური სამყაროს უკვდავსაყოფად. | ||
| 504 | _aბიბლიოგრ. ტექსტ. შენიშვნ. | ||
| 653 | _aბერძენი ისტორიკოსები | ||
| 653 | _aრომაელი ისტორიკოსები | ||
| 700 |
_aქავთარია, გ _eრედაქტორი _917549 |
||
| 942 |
_2udc _cBK |
||